The Responsibility to protect: A concept in search of the Content (Record no. 3911)

000 -LEADER
fixed length control field 00394nam a22001457a 4500
003 - CONTROL NUMBER IDENTIFIER
control field OSt
005 - DATE AND TIME OF LATEST TRANSACTION
control field 20170510153927.0
008 - FIXED-LENGTH DATA ELEMENTS--GENERAL INFORMATION
fixed length control field 170510b xxu||||| |||| 00| 0 eng d
050 ## - LIBRARY OF CONGRESS CALL NUMBER
Classification number JZ6369.A35 2016
100 ## - MAIN ENTRY--PERSONAL NAME
Personal name Akinyi, Beverly
245 ## - TITLE STATEMENT
Title The Responsibility to protect: A concept in search of the Content
Statement of responsibility, etc Beverly Akinyi
260 ## - PUBLICATION, DISTRIBUTION, ETC. (IMPRINT)
Place of publication, distribution, etc Nairobi
Date of publication, distribution, etc 2016
300 ## - PHYSICAL DESCRIPTION
Extent 58 p
942 ## - ADDED ENTRY ELEMENTS (KOHA)
Source of classification or shelving scheme
Koha item type Research Project
Holdings
Withdrawn status Lost status Source of classification or shelving scheme Damaged status Not for loan Home library Current library Shelving location Date acquired Total Checkouts Full call number Barcode Date last seen Price effective from Koha item type
          Riara University Library Riara University Library Special Collection 10/05/2017   RUSC JZ6369.A35 2016 8953/17 17/05/2017 10/05/2017 Research Project

Riara University Library,
P.O. Box 49940-00100,
Nairobi, Kenya.